[Event "III Torneo A Inverno Vomero"]
[Site "Napoli ITA"]
[Date "2008.01.17"]
[Round "2"]
[White "Gallo, Thomas Renato"]
[Black "Radice, Mario"]
[Result "0-1"]
[WhiteElo "1885"]
[BlackElo "1951"]
[PlyCount "84"]
[EventDate "2008.01.10"]

1. d4 Nf6 2. c4 g6 3. Nc3 d5 4. e3 Bg7 5. Nf3 O-O 6. Be2 Bf5 7. O-O c6 8. Bd2
Nbd7 9. Nh4 Be6 10. c5 b6 11. b4 Qc7 12. a4 bxc5 13. bxc5 Rab8 14. Na2 Ne4 15.
Be1 Rb2 16. Nb4 Qb7 17. Ba6 Qc7 18. Qc1 Rb3 19. Ra3 Rxa3 20. Qxa3 Qa5 21. Bb7
Qc7 22. Bxc6 a5 23. Bxd7 axb4 24. Bxb4 Bxd7 25. a5 Ra8 26. a6 Bb5 27. Ra1 Rxa6
28. Qb2 Qa7 29. Rxa6 Qxa6 30. Qa3 Qxa3 31. Bxa3 e5 32. Nf3 exd4 33. exd4 Nc3
34. Bb2 Ne2+ 35. Kh1 Kf8 36. g3 Bd7 37. Kg2 Bg4 38. Ne5 Bxe5 39. dxe5 d4 40. f3
d3 41. Kf2 Ng1 42. fxg4 d2 0-1

[Event "III Torneo A Inverno Vomero"]
[Site "Napoli ITA"]
[Date "2008.01.17"]
[Round "2"]
[White "Lombardi, Ottavio"]
[Black "Cosenza, Gianni"]
[Result "0-1"]
[WhiteElo "1759"]
[BlackElo "2018"]
[PlyCount "44"]
[EventDate "2008.01.10"]

1. d4 d5 2. c4 c6 3. Nc3 Nf6 4. Nf3 e6 5. Bg5 Nbd7 6. e3 Qa5 7. Qc2 Bb4 8. Bxf6
Nxf6 9. a3 Ne4 10. Rc1 Bxc3+ 11. bxc3 Qxa3 12. Bd3 Nf6 13. O-O Qe7 14. Rfe1 O-O
15. cxd5 exd5 16. e4 dxe4 17. Bxe4 Nxe4 18. Rxe4 Qf6 19. Re5 h6 20. Qe4 Be6 21.
g4 Bd5 22. Qe3 Qxf3 0-1

[Event "III Torneo A Inverno Vomero"]
[Site "Napoli ITA"]
[Date "2008.01.17"]
[Round "2"]
[White "Pinto, Gaetano"]
[Black "Schiappoli, Dario"]
[Result "1-0"]
[WhiteElo "2061"]
[BlackElo "1931"]
[PlyCount "55"]
[EventDate "2008.01.10"]

1. d4 Nf6 2. Nf3 c5 3. c3 b6 4. Bf4 d6 5. Nbd2 Bb7 6. e3 Nbd7 7. h3 Qc7 8. Be2
g6 9. O-O Bg7 10. a4 O-O 11. Bh2 a6 12. Re1 e5 13. dxe5 Nxe5 14. Nxe5 dxe5 15.
Bf1 Rad8 16. Qc2 Qe7 17. e4 Rd7 18. Red1 Rfd8 19. f3 Nh5 20. Nc4 b5 21. axb5
axb5 22. Rxd7 Rxd7 23. Nb6 Rd6 24. Nd5 Bxd5 25. exd5 Qb7 26. c4 bxc4 27. Bxc4
f5 28. Qe2 1-0

[Event "III Torneo A Inverno Vomero"]
[Site "Napoli ITA"]
[Date "2008.01.17"]
[Round "2"]
[White "Valenzi, Marco"]
[Black "Lombardo, Michele"]
[Result "1-0"]
[WhiteElo "2028"]
[BlackElo "1995"]
[PlyCount "59"]
[EventDate "2008.01.10"]

1. e4 g6 2. d4 Bg7 3. Nf3 c6 4. Bd3 d5 5. exd5 cxd5 6. O-O Bg4 7. Be2 Nc6 8. c3
e6 9. h3 Bxf3 10. Bxf3 Nge7 11. Be3 O-O 12. Qc1 b5 13. Nd2 b4 14. Nb3 bxc3 15.
bxc3 Rc8 16. Nc5 Nf5 17. Qd2 Na5 18. Be2 Nd6 19. Rab1 Nac4 20. Bxc4 Nxc4 21.
Qe2 Qa5 22. Rb4 Nxe3 23. Qxe3 Qc7 24. Rfb1 Rb8 25. g3 Rfc8 26. Rb7 Rxb7 27.
Rxb7 Qa5 28. Rxf7 Re8 29. Rb7 Bh8 30. Qh6 1-0

[Event "III Torneo A Inverno Vomero"]
[Site "Napoli ITA"]
[Date "2008.01.24"]
[Round "3"]
[White "Caiazzo, Diego"]
[Black "Della Corte, Alessandro"]
[Result "0-1"]
[WhiteElo "2060"]
[BlackElo "2248"]
[PlyCount "56"]
[EventDate "2008.01.10"]

1. d4 g6 2. Nf3 Bg7 3. e4 d6 4. Bc4 Nf6 5. Nbd2 O-O 6. O-O d5 7. exd5 Nxd5 8.
c3 Nb6 9. Bb3 Nc6 10. Re1 Bf5 11. Nc4 Nxc4 12. Bxc4 e5 13. Bg5 Qd6 14. Nxe5
Nxe5 15. dxe5 Qc5 16. Qd5 Qb6 17. Be7 Be6 18. Qb5 Bxc4 19. Qxc4 Rfe8 20. Bc5
Qxb2 21. Rab1 Qd2 22. Red1 Qc2 23. Rdc1 Qf5 24. Rxb7 Bxe5 25. Bd4 Qf4 26. Re1
Qxh2+ 27. Kf1 Qh1+ 28. Ke2 Bxd4+ 0-1

[Event "III Torneo A Inverno Vomero"]
[Site "Napoli ITA"]
[Date "2008.01.24"]
[Round "3"]
[White "Capozzoli, Silvio"]
[Black "Gallo, Thomas Renato"]
[Result "1/2-1/2"]
[WhiteElo "1984"]
[BlackElo "1885"]
[PlyCount "68"]
[EventDate "2008.01.10"]

1. e4 e6 2. Qe2 c5 3. g3 b6 4. Bg2 Bb7 5. Nc3 Nf6 6. d3 Be7 7. Bf4 O-O 8. Nb5
d6 9. Nf3 a6 10. Nc3 Nc6 11. O-O Rc8 12. Rad1 d5 13. e5 Nd7 14. h4 Qc7 15. Nxd5
exd5 16. e6 Bd6 17. Bxd6 Qxd6 18. exd7 Qxd7 19. Ng5 Rce8 20. Qh5 h6 21. Bh3 Qd6
22. Bf5 Nd4 23. Bh7+ Kh8 24. Nxf7+ Rxf7 25. Qxf7 Rf8 26. Qxb7 Kxh7 27. f4 Nxc2
28. Rd2 Nd4 29. Kh2 Nf5 30. Qxa6 Nxh4 31. Qa4 d4 32. Qd1 Nf5 33. Qf3 Ne3 34.
Re1 Kh8 1/2-1/2

[Event "III Torneo A Inverno Vomero"]
[Site "Napoli ITA"]
[Date "2008.01.24"]
[Round "3"]
[White "Cosenza, Gianni"]
[Black "Ficco, Corrado"]
[Result "1/2-1/2"]
[WhiteElo "2018"]
[BlackElo "2155"]
[PlyCount "38"]
[EventDate "2008.01.10"]

1. e4 e6 2. d4 d5 3. Nd2 c5 4. exd5 exd5 5. Bb5+ Nc6 6. Qe2+ Be7 7. dxc5 Nf6 8.
Ngf3 O-O 9. O-O Bxc5 10. Nb3 Bd6 11. h3 h6 12. c3 Bf5 13. Bd3 Re8 14. Be3 Qd7
15. Bxf5 Qxf5 16. Nbd4 Qd7 17. Qd3 Rad8 18. Qf5 a6 19. Rad1 Bf8 1/2-1/2

[Event "III Torneo A Inverno Vomero"]
[Site "Napoli ITA"]
[Date "2008.01.24"]
[Round "3"]
[White "Della Ragione, Achille"]
[Black "Improta, Giovanni"]
[Result "1-0"]
[WhiteElo "1996"]
[BlackElo "1900"]
[PlyCount "79"]
[EventDate "2008.01.10"]

1. c4 Nf6 2. Nc3 c6 3. Nf3 d6 4. d3 g6 5. e4 Nbd7 6. Bg5 Bg7 7. Qd2 h6 8. Bf4
Nh5 9. Be3 Nhf6 10. h3 Qa5 11. g4 g5 12. Be2 Nb6 13. Nd4 Na4 14. Nxa4 Qxa4 15.
Nb3 b6 16. f4 gxf4 17. Bxf4 e5 18. Be3 Be6 19. O-O c5 20. Rf3 Qd7 21. Raf1 Qe7
22. g5 Ng8 23. Kg2 hxg5 24. Bxg5 f6 25. Be3 Nh6 26. Rg3 O-O-O 27. a4 a5 28.
Nxa5 bxa5 29. Qxa5 Ng8 30. Qa8+ Kd7 31. Qb7+ Ke8 32. Qxe7+ Nxe7 33. Rb1 Kf7 34.
b4 cxb4 35. Rxb4 Rb8 36. Bh5+ Rxh5 37. Rxb8 Bf8 38. a5 Ng6 39. a6 Nf4+ 40. Kf3
1-0

[Event "III Torneo A Inverno Vomero"]
[Site "Napoli ITA"]
[Date "2008.01.24"]
[Round "3"]
[White "Lombardo, Michele"]
[Black "Chiummo, Sergio"]
[Result "1-0"]
[WhiteElo "1995"]
[BlackElo "1926"]
[PlyCount "87"]
[EventDate "2008.01.10"]

1. e4 e6 2. Nf3 d5 3. e5 c5 4. b4 c4 5. a3 Ne7 6. d3 b5 7. a4 Ng6 8. axb5 cxd3
9. cxd3 Bxb4+ 10. Bd2 Bxd2+ 11. Nbxd2 Nd7 12. d4 O-O 13. h4 f6 14. h5 Nh8 15.
exf6 Rxf6 16. Bd3 Qb6 17. Qc2 h6 18. Rc1 Bb7 19. Qc7 Rc8 20. Qxb6 Nxb6 21.
Rxc8+ Bxc8 22. Ke2 Nf7 23. Ra1 Nd6 24. Rxa7 Rf7 25. Ra2 Rc7 26. Ne5 Nf5 27.
Ndf3 Kf8 28. Kd2 Nd6 29. Rc2 Rxc2+ 30. Kxc2 Ke7 31. Kb3 Bb7 32. Kb4 Kd8 33. g4
Kc7 34. g5 Ne4 35. gxh6 gxh6 36. Bxe4 dxe4 37. Nd2 Nd5+ 38. Kc5 Nf4 39. b6+ Kc8
40. Ndc4 Nd3+ 41. Nxd3 exd3 42. Kd6 Bd5 43. Nd2 Kd8 44. f4 1-0

[Event "III Torneo A Inverno Vomero"]
[Site "Napoli ITA"]
[Date "2008.01.24"]
[Round "3"]
[White "Nardiello, Luigi"]
[Black "De Rosa, Mariagrazia"]
[Result "0-1"]
[WhiteElo "1977"]
[BlackElo "2095"]
[PlyCount "54"]
[EventDate "2008.01.10"]

1. e4 c5 2. Nf3 d6 3. d4 cxd4 4. Nxd4 Nf6 5. Nc3 a6 6. Be3 e6 7. f3 b5 8. Qd2
Bb7 9. O-O-O Nbd7 10. g4 Nb6 11. Nb3 Na4 12. Nxa4 bxa4 13. Na5 Qc7 14. Nxb7
Qxb7 15. Qa5 a3 16. Qxa3 Be7 17. Qa4+ Nd7 18. Rd3 O-O 19. Be2 Rfc8 20. Rb3 Qc7
21. Rc3 Nc5 22. Bxc5 dxc5 23. h4 Bf6 24. Rd3 c4 25. Rd7 Qf4+ 26. Kb1 Rab8 27.
b3 Qe5 0-1

[Event "III Torneo A Inverno Vomero"]
[Site "Napoli ITA"]
[Date "2008.01.24"]
[Round "3"]
[White "Radice, Mario"]
[Black "Valenzi, Marco"]
[Result "1-0"]
[WhiteElo "1951"]
[BlackElo "2028"]
[PlyCount "67"]
[EventDate "2008.01.10"]

1. e4 c5 2. Nf3 d6 3. d4 cxd4 4. Nxd4 Nf6 5. Nc3 g6 6. f3 Bg7 7. Be3 O-O 8. Qd2
Nc6 9. g4 Bd7 10. O-O-O Qa5 11. h4 Rfc8 12. Nb3 Qc7 13. h5 Ne5 14. Qg2 Nxf3 15.
hxg6 fxg6 16. g5 Nh5 17. Nd5 Qd8 18. Qxf3 e6 19. Rxh5 gxh5 20. Nf6+ Bxf6 21.
gxf6 Be8 22. e5 Bg6 23. Bd3 Rc7 24. Bxg6 hxg6 25. Rxd6 Qe8 26. Nc5 Rac8 27.
Rxe6 Qf7 28. Rd6 Qxa2 29. e6 Rxc5 30. Bxc5 Rxc5 31. f7+ Kh7 32. f8=Q Qa1+ 33.
Kd2 Qa5+ 34. c3 1-0

[Event "III Torneo A Inverno Vomero"]
[Site "Napoli ITA"]
[Date "2008.01.24"]
[Round "3"]
[White "Rosato, Luciano"]
[Black "Pinto, Gaetano"]
[Result "1-0"]
[WhiteElo "2206"]
[BlackElo "2061"]
[PlyCount "75"]
[EventDate "2008.01.10"]

1. e4 e6 2. d3 Nc6 3. Nf3 e5 4. Nc3 Nf6 5. g3 Bc5 6. Bg2 a6 7. O-O d6 8. Nd5 h6
9. Be3 Ba7 10. h3 O-O 11. Bxa7 Rxa7 12. Ne3 Be6 13. Nh4 Qd7 14. Kh2 Qd8 15. Qe1
d5 16. Nef5 dxe4 17. dxe4 Re8 18. Rd1 Qc8 19. Qe3 Ra8 20. Qc5 Nd7 21. Qc3 Ne7
22. Ne3 f6 23. f4 Kh7 24. Rf2 b5 25. Rfd2 Nb6 26. b3 exf4 27. gxf4 Ra7 28. e5
f5 29. Qc5 Qb8 30. Bf3 g6 31. c3 Nbc8 32. Bd5 Bxd5 33. Nxd5 Nxd5 34. Rxd5 Nb6
35. Rd7+ Kg8 36. Qc6 Nxd7 37. Qxg6+ Kf8 38. Rxd7 1-0

[Event "III Torneo A Inverno Vomero"]
[Site "Napoli ITA"]
[Date "2008.01.24"]
[Round "3"]
[White "Schiappoli, Dario"]
[Black "Di Giulio, Massimo"]
[Result "0-1"]
[WhiteElo "1931"]
[BlackElo "2011"]
[PlyCount "112"]
[EventDate "2008.01.10"]

1. e4 c5 2. Nf3 d6 3. d4 cxd4 4. Nxd4 Nf6 5. Nc3 g6 6. h4 Bg7 7. h5 Nxh5 8. Be3
Nc6 9. Nf5 Bxf5 10. exf5 Qa5 11. Bd3 Nf6 12. Bd2 Qe5+ 13. Kf1 Nd4 14. f4 Qc5
15. b4 Qc8 16. fxg6 hxg6 17. Rxh8+ Bxh8 18. Qe1 Qg4 19. Rd1 Nh5 20. Nd5 Ng3+
21. Kf2 Ne6 22. c3 Kf8 23. Rc1 Rc8 24. Qe3 Nf5 25. Bxf5 Qxf5 26. Qf3 Bg7 27. g4
Nd4 28. gxf5 Nxf3 29. Kxf3 gxf5 30. c4 e6 31. Ne3 Ke7 32. Bc3 Bf8 33. Bd4 b6
34. c5 Kd7 35. cxb6 Rxc1 36. bxa7 Rc8 37. b5 d5 38. Ke2 Kc7 39. a4 Kb7 40. Kd3
Bb4 41. Nc2 Ba5 42. Be5 Kxa7 43. Nd4 Rc4 44. Nb3 Rxa4 45. Bd4+ Bb6 46. Be5 Ra3
47. Kc3 Ra4 48. Kd3 Rb4 49. Nd4 Kb7 50. Kc3 Rc4+ 51. Kd3 Bc5 52. Bf6 Rb4 53.
Be5 Bxd4 54. Bxd4 Rxb5 55. Be5 Rb4 56. Ke3 Kc6 0-1

[Event "III Torneo A Inverno Vomero"]
[Site "Napoli ITA"]
[Date "2008.01.31"]
[Round "4"]
[White "Chiummo, Sergio"]
[Black "Capozzoli, Silvio"]
[Result "1-0"]
[WhiteElo "1926"]
[BlackElo "1984"]
[PlyCount "91"]
[EventDate "2008.01.10"]

1. c4 e5 2. Nc3 d6 3. g3 f5 4. Bg2 Nf6 5. d3 Be7 6. e3 O-O 7. Nge2 c6 8. O-O
Be6 9. e4 fxe4 10. Nxe4 Nxe4 11. Bxe4 d5 12. cxd5 cxd5 13. Qb3 Qd7 14. Bg2 Nc6
15. Qd1 Bc5 16. Nc3 Nd4 17. Qh5 Rf5 18. Qd1 Raf8 19. Be3 a6 20. Rc1 Ba7 21. Qd2
Nf3+ 22. Bxf3 d4 23. Be4 dxe3 24. fxe3 Rxf1+ 25. Rxf1 Rxf1+ 26. Kxf1 Bh3+ 27.
Ke1 Be6 28. Qf2 b5 29. a3 Qc8 30. Qf3 Qc5 31. Bd5 Qd6 32. Bxe6+ Qxe6 33. Qa8+
Kf7 34. Qxa7+ Kg6 35. Qa8 Qb3 36. Qe8+ Kh6 37. Qc6+ g6 38. Nd1 Qxd3 39. Qc3 Qe4
40. Nf2 Qb1+ 41. Ke2 Qg1 42. Ng4+ Kh5 43. Nf2 Qxh2 44. Qxe5+ Kh6 45. Kf3 Qh5+
46. Ng4+ 1-0

[Event "III Torneo A Inverno Vomero"]
[Site "Napoli ITA"]
[Date "2008.01.31"]
[Round "4"]
[White "Colucci, Stefano"]
[Black "Radice, Mario"]
[Result "1-0"]
[WhiteElo "1973"]
[BlackElo "1951"]
[PlyCount "101"]
[EventDate "2008.01.10"]

1. e4 c5 2. Nf3 e6 3. d3 d5 4. Nbd2 Nc6 5. g3 Nf6 6. Bg2 dxe4 7. dxe4 e5 8. O-O
Bg4 9. c3 Be7 10. Qc2 O-O 11. Nc4 Qc7 12. Ne3 Be6 13. Ng5 Rad8 14. Nxe6 fxe6
15. Qb3 Rd6 16. Rd1 Na5 17. Qc2 b5 18. Rxd6 Qxd6 19. Bd2 Nb7 20. Rd1 c4 21. b4
a5 22. a3 Ra8 23. Be1 Qa6 24. Bh3 Kf7 25. Ng4 axb4 26. Nxe5+ Kf8 27. axb4 Qa2
28. Qc1 Qe2 29. Nd7+ Kf7 30. Rd2 Qh5 31. Bg2 Rd8 32. Nxf6 gxf6 33. Rxd8 Nxd8
34. Qe3 Nc6 35. f4 Qd1 36. Bf3 Qb3 37. Bd2 Bxb4 38. cxb4 Nxb4 39. Bh5+ Kg7 40.
Qa7+ Kh6 41. Bxb4 Kxh5 42. Qxh7+ Kg4 43. Qg6+ Kf3 44. Qh5+ Kxe4 45. Qe2+ Qe3+
46. Qxe3+ Kxe3 47. h4 Kd3 48. h5 c3 49. h6 c2 50. Ba3 b4 51. Bb2 1-0

[Event "III Torneo A Inverno Vomero"]
[Site "Napoli ITA"]
[Date "2008.01.31"]
[Round "4"]
[White "Della Corte, Alessandro"]
[Black "Cosenza, Gianni"]
[Result "1-0"]
[WhiteElo "2248"]
[BlackElo "2018"]
[PlyCount "69"]
[EventDate "2008.01.10"]

1. Nf3 d5 2. g3 g6 3. Bg2 Bg7 4. O-O e5 5. d3 Ne7 6. Nbd2 O-O 7. e4 Nbc6 8. c3
a5 9. a4 h6 10. Qc2 Be6 11. Re1 d4 12. cxd4 exd4 13. Nc4 Nb4 14. Qd1 Nec6 15.
Rf1 g5 16. Ne1 f5 17. f4 g4 18. Nd2 h5 19. exf5 Bxf5 20. Ne4 Qd7 21. Bd2 Rae8
22. Nc5 Qc8 23. Bxb4 Nxb4 24. Bxb7 Qd8 25. Be4 Qd6 26. Qb3+ Kh8 27. Rc1 Rb8 28.
Qc4 c6 29. Ng2 Nd5 30. Bxf5 Rxf5 31. Ne4 Qb4 32. Qxc6 Ne3 33. Nh4 Rd5 34. Rf2
Rdd8 35. Ng6+ 1-0

[Event "III Torneo A Inverno Vomero"]
[Site "Napoli ITA"]
[Date "2008.01.31"]
[Round "4"]
[White "Di Giulio, Massimo"]
[Black "Sabia, Corrado"]
[Result "0-1"]
[WhiteElo "2011"]
[BlackElo "2174"]
[PlyCount "68"]
[EventDate "2008.01.10"]

1. b3 e5 2. Bb2 d6 3. e3 Nf6 4. d4 Nbd7 5. Nf3 e4 6. Nfd2 d5 7. c4 c6 8. Nc3
Be7 9. Be2 O-O 10. O-O Re8 11. f3 exf3 12. Bxf3 Bb4 13. Re1 Nf8 14. Qc2 Ne6 15.
cxd5 cxd5 16. Rac1 Ng5 17. a3 Bf8 18. e4 Nxf3+ 19. Nxf3 Nxe4 20. Nxe4 Bf5 21.
Qf2 Bxe4 22. Ne5 f6 23. Ng4 Bd6 24. Ne3 Qd7 25. Rf1 Rac8 26. Rxc8 Rxc8 27. Rc1
Rxc1+ 28. Bxc1 Qc7 29. Bb2 Bxh2+ 30. Kh1 Bg3 31. Qe2 Qf4 32. Qb5 Qh4+ 33. Kg1
Qh2+ 34. Kf1 Qh1+ 0-1

[Event "III Torneo A Inverno Vomero"]
[Site "Napoli ITA"]
[Date "2008.01.31"]
[Round "4"]
[White "Ficco, Corrado"]
[Black "Rosato, Luciano"]
[Result "0-1"]
[WhiteElo "2155"]
[BlackElo "2206"]
[PlyCount "92"]
[EventDate "2008.01.10"]

1. Nc3 c5 2. Nf3 d5 3. e4 d4 4. Ne2 Nc6 5. d3 e5 6. g3 Nge7 7. Bg2 Ng6 8. h4 h5
9. c3 Be7 10. cxd4 cxd4 11. a3 Bg4 12. Nh2 Be6 13. f4 exf4 14. Bxf4 Bxh4 15.
O-O Bf6 16. Rc1 Qd7 17. Nf3 h4 18. Rxc6 bxc6 19. e5 Be7 20. Qa4 Nxf4 21. Nxf4
h3 22. Bh1 Rb8 23. Nxe6 fxe6 24. Nh4 Rc8 25. Be4 Rf8 26. Rxf8+ Bxf8 27. Kh2 c5
28. Qa6 g5 29. Ng6 g4 30. Nf4 Bg7 31. Bg6+ Ke7 32. Bh5 Bxe5 33. Ng6+ Kf6 34.
Nxe5 Kxe5 35. Bxg4 Qc6 36. Qxc6 Rxc6 37. b3 Rb6 38. Bd1 Kf5 39. Kxh3 e5 40. Kg2
e4 41. dxe4+ Kxe4 42. Kf2 Rf6+ 43. Ke2 d3+ 44. Kd2 Kd4 45. g4 Rf2+ 46. Ke1 Ke3
0-1

[Event "III Torneo A Inverno Vomero"]
[Site "Napoli ITA"]
[Date "2008.01.31"]
[Round "4"]
[White "Improta, Giovanni"]
[Black "Nardiello, Luigi"]
[Result "0-1"]
[WhiteElo "1900"]
[BlackElo "1977"]
[PlyCount "60"]
[EventDate "2008.01.10"]

1. c4 e5 2. Nc3 d6 3. g3 Nf6 4. d3 Be7 5. Bg2 O-O 6. h4 Nbd7 7. h5 h6 8. Bd2
Nh7 9. Nf3 f5 10. Nd5 c6 11. Nxe7+ Qxe7 12. Nh4 Rf7 13. Qb3 Nc5 14. Qa3 a5 15.
b4 Ne6 16. bxa5 f4 17. Ng6 Qc7 18. gxf4 exf4 19. Qc1 Nhg5 20. Nxf4 Nxf4 21. Be4
Nxe4 22. dxe4 Nh3 23. f3 d5 24. f4 Qe7 25. Rxh3 Bxh3 26. e5 Qc5 27. Be3 Qxa5+
28. Qd2 Qxd2+ 29. Kxd2 d4 30. Bxd4 Rxf4 0-1

[Event "III Torneo A Inverno Vomero"]
[Site "Napoli ITA"]
[Date "2008.01.31"]
[Round "4"]
[White "Pinto, Gaetano"]
[Black "Della Ragione, Achille"]
[Result "1/2-1/2"]
[WhiteElo "2061"]
[BlackElo "1996"]
[PlyCount "127"]
[EventDate "2008.01.10"]

1. d4 d5 2. c4 e6 3. Nc3 Nf6 4. cxd5 Nxd5 5. e4 Nxc3 6. bxc3 Be7 7. Nf3 O-O 8.
Bd3 b6 9. Qe2 Bb7 10. O-O c5 11. Bb2 Nd7 12. Rfe1 Rc8 13. a3 Re8 14. Rad1 Qc7
15. Qe3 c4 16. Bc2 b5 17. Bc1 Qa5 18. e5 Nb6 19. Bd2 g6 20. Ng5 h6 21. Nxe6
fxe6 22. Qxh6 Bf8 23. Qxg6+ Bg7 24. Bg5 Nd5 25. Bf6 Qc7 26. Qh7+ Kf8 27. Bg6
Bxf6 28. Qxc7 Rxc7 29. Bxe8 Kxe8 30. exf6 Kf7 31. Re5 Nxc3 32. Rde1 Bd5 33. h4
Kxf6 34. f3 Na2 35. R5e2 c3 36. Rc2 b4 37. Rxa2 Bxa2 38. axb4 c2 39. Rc1 Bb3
40. Kf2 Rc4 41. Ke3 Rxb4 42. Kd3 Rc4 43. g4 a5 44. h5 a4 45. h6 Rc7 46. Kd2 Kg6
47. f4 Kxh6 48. Kd3 Kg6 49. Kd2 a3 50. Ra1 c1=Q+ 51. Rxc1 Rxc1 52. Kxc1 Bd5 53.
Kb1 Kf6 54. Ka1 Ke7 55. Kb1 Kd6 56. Ka1 Kc6 57. f5 exf5 58. gxf5 Kd7 59. Kb1
Ke7 60. Ka1 Kf6 61. Kb1 Kxf5 62. Kc2 Ke4 63. Kb1 Kxd4 64. Kc2 1/2-1/2

[Event "III Torneo A Inverno Vomero"]
[Site "Napoli ITA"]
[Date "2008.02.07"]
[Round "5"]
[White "Cosenza, Gianni"]
[Black "Pinto, Gaetano"]
[Result "0-1"]
[WhiteElo "2018"]
[BlackElo "2061"]
[PlyCount "42"]
[EventDate "2008.01.10"]

1. e4 e6 2. d4 d5 3. Nd2 dxe4 4. Nxe4 Nd7 5. Nf3 Ngf6 6. Nxf6+ Nxf6 7. c3 c5 8.
Ne5 a6 9. Be3 Qc7 10. Qa4+ Nd7 11. Bb5 cxd4 12. Bxd4 axb5 13. Qxa8 Nxe5 14. O-O
Bd6 15. Bb6 Qc6 16. a4 O-O 17. Bd4 Bd7 18. axb5 Qxb5 19. Qa2 Bc6 20. Rfe1 Ng4
21. g3 Nxh2 0-1

[Event "III Torneo A Inverno Vomero"]
[Site "Napoli ITA"]
[Date "2008.02.07"]
[Round "5"]
[White "Della Ragione, Achille"]
[Black "Colucci, Stefano"]
[Result "1-0"]
[WhiteElo "1996"]
[BlackElo "1973"]
[PlyCount "55"]
[EventDate "2008.01.10"]

1. c4 g6 2. g3 Bg7 3. Bg2 e5 4. Nc3 Nf6 5. d3 c6 6. e4 d6 7. Nge2 Na6 8. O-O
O-O 9. h3 Nc7 10. f4 h6 11. Be3 Kh7 12. Qd2 Qe7 13. b4 Rd8 14. d4 exd4 15. Bxd4
c5 16. Bxf6 Bxf6 17. b5 Bg7 18. Rac1 Rb8 19. Qd3 b6 20. f5 Bb7 21. Nf4 Be5 22.
Ncd5 Nxd5 23. exd5 Rg8 24. fxg6+ fxg6 25. h4 Bc8 26. Nxg6 Bd4+ 27. Kh1 Qe3 28.
Nf8+ 1-0

[Event "III Torneo A Inverno Vomero"]
[Site "Napoli ITA"]
[Date "2008.02.07"]
[Round "5"]
[White "Gallo, Thomas Renato"]
[Black "Chiummo, Sergio"]
[Result "1/2-1/2"]
[WhiteElo "1885"]
[BlackElo "1926"]
[PlyCount "53"]
[EventDate "2008.01.10"]

1. d4 Nf6 2. c4 e6 3. Nf3 b6 4. Nc3 Bb7 5. Bg5 Be7 6. e3 O-O 7. Be2 d5 8. O-O
Nbd7 9. Rc1 c5 10. cxd5 Nxd5 11. Bxe7 Qxe7 12. Re1 Rac8 13. Bd3 Nxc3 14. Rxc3
cxd4 15. exd4 Rxc3 16. bxc3 Qf6 17. Re3 a6 18. a4 Qd8 19. Ne5 Nxe5 20. Rxe5 g6
21. Qe2 Qa8 22. Rg5 Qd8 23. Rg3 Qc8 24. Bc2 Bd5 25. h4 Qc7 26. h5 Qf4 27. Rg4
1/2-1/2

[Event "III Torneo A Inverno Vomero"]
[Site "Napoli ITA"]
[Date "2008.02.07"]
[Round "5"]
[White "Nardiello, Luigi"]
[Black "Lombardo, Michele"]
[Result "1/2-1/2"]
[WhiteElo "1977"]
[BlackElo "1995"]
[PlyCount "70"]
[EventDate "2008.01.10"]

1. e4 g6 2. d4 Bg7 3. Nc3 c6 4. Be3 d5 5. e5 h5 6. Qd2 Nh6 7. O-O-O a6 8. Be2
Bg4 9. f3 Bd7 10. Na4 e6 11. g4 Ng8 12. gxh5 Rxh5 13. f4 Rh8 14. Nf3 Ne7 15. h4
Nf5 16. Bf2 b6 17. Ng5 c5 18. Nc3 cxd4 19. Bxd4 Ng3 20. Rh2 Nxe2+ 21. Qxe2 Nc6
22. h5 Nxd4 23. Rxd4 gxh5 24. Rxh5 Rxh5 25. Qxh5 Qe7 26. Rxd5 exd5 27. Nxd5 Qc5
28. Qxf7+ Kd8 29. Qg8+ Bf8 30. Nf7+ Kc8 31. Nd6+ Kb8 32. Qxf8+ Ka7 33. Qg7 Rd8
34. Nf6 Qe3+ 35. Kd1 Qf3+ 1/2-1/2

[Event "III Torneo A Inverno Vomero"]
[Site "Napoli ITA"]
[Date "2008.02.07"]
[Round "5"]
[White "Radice, Mario"]
[Black "Caiazzo, Diego"]
[Result "1-0"]
[WhiteElo "1951"]
[BlackElo "2060"]
[PlyCount "47"]
[EventDate "2008.01.10"]

1. e4 e6 2. d4 d5 3. e5 c5 4. c3 Qb6 5. Bd3 Bd7 6. Nf3 cxd4 7. cxd4 Nc6 8. O-O
Nxd4 9. Nbd2 Nc6 10. Nb3 Nge7 11. Be3 Qc7 12. Rc1 Ng6 13. Re1 Bb4 14. Bd2 Bxd2
15. Qxd2 O-O 16. h4 Qb8 17. Qg5 Qd8 18. Qh5 Nb4 19. Bb1 Bb5 20. Ng5 h6 21. Nxe6
fxe6 22. Qxg6 Qxh4 23. Qh7+ Kf7 24. Bg6+ 1-0

[Event "III Torneo A Inverno Vomero"]
[Site "Napoli ITA"]
[Date "2008.02.07"]
[Round "5"]
[White "Rosato, Luciano"]
[Black "Della Corte, Alessandro"]
[Result "1-0"]
[WhiteElo "2206"]
[BlackElo "2248"]
[PlyCount "95"]
[EventDate "2008.01.10"]

1. c4 c6 2. Nf3 d5 3. b3 Nf6 4. Bb2 Bg4 5. Ne5 Bh5 6. g3 e6 7. Bg2 Nbd7 8. Nxd7
Qxd7 9. O-O Be7 10. d3 O-O 11. Nd2 a5 12. a3 Rfd8 13. Nf3 Qe8 14. Qc2 Nd7 15.
e4 Nc5 16. exd5 cxd5 17. cxd5 Rac8 18. Qe2 Rxd5 19. d4 Nxb3 20. Rad1 Qa4 21.
Qe3 Bxa3 22. Bxa3 Qxa3 23. Rd3 Rb5 24. d5 Bg6 25. dxe6 Bxd3 26. Qxd3 Qc5 27.
exf7+ Kxf7 28. Ng5+ Qxg5 29. Qd7+ Qe7 30. Qxc8 Rc5 31. Qg4 Kg8 32. Rd1 h5 33.
Qf4 Kh8 34. Be4 g5 35. Qf3 Kg7 36. Qxh5 Rc1 37. Qh7+ Kf8 38. Qh8+ Kf7 39. Bd5+
Kg6 40. Qg8+ Kh6 41. Rxc1 Nxc1 42. Qh8+ Kg6 43. Qg8+ Kh6 44. Qh8+ Kg6 45. Qg8+
Kf5 46. Kg2 Nd3 47. h3 Qc5 48. Qe6# 1-0

[Event "III Torneo A Inverno Vomero"]
[Site "Napoli ITA"]
[Date "2008.02.07"]
[Round "5"]
[White "Sabia, Corrado"]
[Black "Ficco, Corrado"]
[Result "1-0"]
[WhiteElo "2174"]
[BlackElo "2155"]
[PlyCount "95"]
[EventDate "2008.01.10"]

1. e4 e6 2. d4 d5 3. Nc3 Bb4 4. e5 c5 5. a3 Bxc3+ 6. bxc3 Qa5 7. Bd2 Qa4 8. Rb1
c4 9. Bc1 Ne7 10. h4 Nd7 11. h5 h6 12. Ne2 b6 13. Nf4 Bb7 14. g3 O-O-O 15. Bh3
Kb8 16. O-O Rdg8 17. Bg4 Ka8 18. Re1 Bc6 19. Re3 Qa6 20. Qf3 Qc8 21. Re2 Ba4
22. Rb4 Qc6 23. Ng2 Rf8 24. Ne3 b5 25. Qg2 f5 26. exf6 gxf6 27. Nxd5 Nxd5 28.
Rxe6 Qb7 29. Re7 Nxe7 30. Bf3 Rb8 31. Bf4 a5 32. Rb1 Ka7 33. Bxb7 Rxb7 34. d5
Nb6 35. d6 Ned5 36. Be3 Nxc3 37. Re1 Bxc2 38. Qc6 Be4 39. Bxb6+ Rxb6 40. Qc7+
Rb7 41. Qxa5+ Kb8 42. Qxc3 Bc6 43. Qxf6 Rc8 44. Qxh6 c3 45. Rc1 Be8 46. Qe3 c2
47. Qe2 Rc5 48. Qxe8+ 1-0

[Event "III Torneo A Inverno Vomero"]
[Site "Napoli ITA"]
[Date "2008.02.07"]
[Round "5"]
[White "Valenzi, Marco"]
[Black "Lombardi, Ottavio"]
[Result "0-1"]
[WhiteElo "2028"]
[BlackElo "1759"]
[PlyCount "92"]
[EventDate "2008.01.10"]

1. e4 g6 2. d4 Bg7 3. Nf3 c6 4. Nc3 d5 5. e5 Bg4 6. Be2 Nh6 7. O-O O-O 8. h3
Bxf3 9. Bxf3 f6 10. exf6 Rxf6 11. Ne2 Nd7 12. Ng3 Nf7 13. Bg4 e5 14. Bxd7 Qxd7
15. dxe5 Nxe5 16. Be3 Re6 17. c3 Nc4 18. Qc1 Nxe3 19. fxe3 Bh6 20. Rf3 Rae8 21.
Nf1 Qe7 22. Qd1 Bxe3+ 23. Kh1 Bb6 24. Qd2 Re2 25. Qf4 Rf8 26. Qxf8+ Qxf8 27.
Rxf8+ Kxf8 28. Rb1 Bf2 29. Kh2 Ke7 30. Ng3 Re1 31. Rxe1+ Bxe1 32. Ne2 Bd2 33.
Kg3 Kf6 34. Kf3 c5 35. a4 Ke5 36. g3 g5 37. g4 Bf4 38. b4 cxb4 39. cxb4 d4 40.
Nxf4 gxf4 41. h4 d3 42. h5 Kd4 43. g5 Kc3 44. g6 d2 45. gxh7 d1=Q+ 46. Kxf4
Qxh5 0-1